000 01022nam a22003377a 4500
003 CHAP
005 20220329135802.0
008 971013s1991 us r 00010 eng d
010 _a42110
011 _a43082
035 _a47218
040 _cCHAP
082 0 4 _a660.6
_bA85 1991
100 0 0 _aAtkinson, Bernard.
_98244
245 1 _aBiochemical engineering and biotechnology handbook
250 _a2 ed.
260 _aNew York :
_bStockton,
_c1991
300 _a1271 p.
590 _aBATCH-UPD
_b10
_c20130110
_lUCH01
_h1826
590 _aBATCH-UPD
_b10
_c20130410
_lUCH01
_h1159
590 _aBATCH-UPD
_b10
_c20130914
_lUCH01
_h0639
590 _aCONVERSION
_b10
_c20130109
_lUCH01
_h1323
650 1 4 _aBioingeniería.
_912750
650 1 4 _aBiotecnología vegetal.
_912892
650 1 4 _aBiotecnología.
_912878
650 1 4 _aMicroorganismos.
_975519
700 0 _aMavituna, Ferda.
_973155
901 _aBK
942 _cLIBRO
949 _a660.6 A85 1991
_bBC
_cLIBRO
_d33724000000386
_eLIBRO
_gI.174938
_h88845
_i47218
_si
999 _c42110
_d42110